Catálogo
 En Linea

Compilación de la legislación electoral de la República Dominicana: (Registro nro. 51930)

Detalles MARC
000 -CABECERA
campo de control de longitud fija 00821nam a2200217 a 4500
003 - IDENTIFICADOR DEL NÚMERO DE CONTROL
campo de control DO-SdBNP
005 - FECHA Y HORA DE LA ÚLTIMA TRANSACCIÓN
campo de control 20240307073950.0
007 - CAMPO FIJO DE DESCRIPCIÓN FÍSICA--INFORMACIÓN GENERAL
campo de control de longitud fija ta
008 - DATOS DE LONGITUD FIJA--INFORMACIÓN GENERAL
campo de control de longitud fija 220603e2006 dr ad||frlg|| 001 0 spa d
040 ## - FUENTE DE LA CATALOGACIÓN
Centro catalogador/agencia de origen DO-SdBNP
Lengua de catalogación spa
Centro/agencia transcriptor BNPHU
082 #4 - NÚMERO DE LA CLASIFICACIÓN DECIMAL DEWEY
Número de edición 22
Número de documento/Ítem R426c
110 1# - ENTRADA PRINCIPAL--NOMBRE DE ENTIDAD CORPORATIVA
Nombre de entidad corporativa o nombre de jurisdicción como elemento de entrada República Dominicana.
Unidad subordinada Junta Central Electoral
9 (RLIN) 64605
245 10 - MENCIÓN DE TÍTULO
Título Compilación de la legislación electoral de la República Dominicana:
Resto del título 2006.
260 ## - PUBLICACIÓN, DISTRIBUCIÓN, ETC.
Lugar de publicación, distribución, etc. Santo Domingo :
Nombre del editor, distribuidor, etc. Junta Central Electoral,
Fecha de publicación, distribución, etc. [2006]
300 ## - DESCRIPCIÓN FÍSICA
Extensión 279 p. :
Otras características físicas il., gráf. ;
Dimensiones 22 cm
505 ## - NOTA DE CONTENIDO CON FORMATO
Nota de contenido con formato Constitución de la República Dominicana.--
Título Ley electoral No. 275-97 y sus Modificaciones.--
-- Reglamentos.--
-- Resoluciones.--
590 ## - NOTA LOCAL (RLIN)
Nota local Inventariado 2022 / MF
651 #4 - PUNTO DE ACCESO ADICIONAL DE MATERIA--NOMBRE GEOGRÁFICO
9 (RLIN) 51354
Nombre geográfico Repúblia Dominicana
Subdivisión de forma Elecciones
Subdivisión general Legislación
910 ## - DATOS DE OPCIÓN DEL USUARIO (OCLC)
Datos de opción del usuario MFeliz
942 ## - ELEMENTOS DE PUNTO DE ACCESO ADICIONAL (KOHA)
Fuente del sistema de clasificación o colocación Dewey Decimal Classification
Tipo de ítem Koha Libro
Existencias
Estado de retiro Estado de pérdida Fuente del sistema de clasificación o colocación Restricciones de uso No para préstamo Código de colección Localización permanente Ubicación/localización actual Ubicación en estantería Fecha de adquisición Fuente de adquisición Total de préstamos Signatura topográfica completa Código de barras Fecha visto por última vez Precio válido a partir de Tipo de ítem Koha
    Dewey Decimal Classification Excluido de préstamo   Patrimonio Dominicano Biblioteca Nacional Pedro Henríquez Ureña Biblioteca Nacional Pedro Henríquez Ureña Depósito 03.07.2018 Donado por CERTV   R426c 2022-2724 03.06.2022 03.06.2022 Libro

Con tecnología Koha